[Event "Tournoi francophone 020F"]
[Site "Skype"]
[Date "????.??.??"]
[Round "5.4"]
[White "Colangelo, Michele"]
[Black "Yepez, German"]
[Result "0-1"]
[WhiteElo "1096"]
[BlackElo "1109"]
[PlyCount "48"]

1. e4 e5 2. Nf3 Nc6 3. Bc4 Bc5 4. c3 Nf6 5. d4 exd4 6. cxd4 Bb4+ 7. Bd2 Bxd2+
8. Nbxd2 d5 9. Bd3 Bg4 10. h3 Bxf3 11. gxf3 Nxd4 12. Qa4+ Nc6 13. exd5 Qxd5 14.
Bc4 Qh5 15. Bd5 O-O 16. Bxc6 bxc6 17. Qxc6 Rad8 18. O-O-O Rd6 19. Qxc7 Rfd8 20.
Qxa7 Qh4 21. Qe3 Nd5 22. Qe4 Qxf2 23. Rhf1 Qe3 24. Qxe3 Nxe3 0-1

[Event "Tournoi francophone 020F"]
[Site "Skype"]
[Date "????.??.??"]
[Round "5.5"]
[White "Lecluyse, Koenraad"]
[Black "Schnell, Nicolas"]
[Result "1/2-1/2"]
[WhiteElo "1096"]
[BlackElo "1014"]
[PlyCount "98"]

1. d4 Nc6 2. e3 e6 3. Nf3 Bb4+ 4. c3 Bd6 5. Bd3 b6 6. O-O Nf6 7. Re1 Ng4 8. h3
Nf6 9. Qc2 g6 10. Nbd2 Bb7 11. Ne4 Nxe4 12. Bxe4 Ba6 13. Bxc6 dxc6 14. Qa4 Bc8
15. Qxc6+ Bd7 16. Qc4 b5 17. Qd3 Qf6 18. e4 Rb8 19. e5 Qf5 20. Qxf5 exf5 21.
exd6+ Be6 22. dxc7 Rc8 23. Bf4 a6 24. Ne5 Ke7 25. Bg5+ Kd6 26. Nc4+ Bxc4 27. b3
Bd5 28. Bf4+ Kc6 29. Re5 f6 30. Re7 g5 31. Bd2 f4 32. Rc1 Kd6 33. Ree1 Rxc7 34.
c4 bxc4 35. Bb4+ Kd7 36. Re7+ Kd8 37. Rxc7 Kxc7 38. bxc4 Bf7 39. d5 Re8 40. d6+
Kd7 41. c5 Re4 42. Bc3 f3 43. g3 Be6 44. g4 f5 45. Re1 Re2 46. Kf1 Bc4 47. a3
Re3+ 48. Kg1 Rxe1+ 49. Bxe1 fxg4 1/2-1/2

[Event "Tournoi francophone 020F"]
[Site "Skype"]
[Date "????.??.??"]
[Round "5.6"]
[White "Trapletti, Cosetta"]
[Black "Dida, Brahim"]
[Result "0-1"]
[WhiteElo "1072"]
[BlackElo "1008"]
[PlyCount "52"]

1. c4 e5 2. Nc3 Bc5 3. e4 Nf6 4. Nf3 Ng4 5. Qe2 Nxf2 6. Rg1 Ng4 7. h3 Nh2 8.
Rh1 Nxf1 9. Qxf1 Nc6 10. d3 d6 11. Qe2 Qf6 12. Bg5 Qg6 13. O-O-O h6 14. Be3
Bxe3+ 15. Qxe3 Qxg2 16. Nd5 Kd8 17. h4 Bg4 18. Rdf1 f5 19. c5 dxc5 20. Nxe5
Nxe5 21. Qxc5 c6 22. Qd6+ Nd7 23. Qc7+ Ke8 24. Qxb7 Rb8 25. Nc7+ Kf7 26. Qxc6
Qxb2# 0-1

[Event "Tournoi francophone 020F"]
[Site "Skype"]
[Date "????.??.??"]
[Round "5.7"]
[White "Hampton, Irene"]
[Black "Gagnon, Sindy"]
[Result "1-0"]
[WhiteElo "1000"]
[BlackElo "1000"]
[PlyCount "45"]

1. g3 e6 2. d4 Nc6 3. Nc3 d5 4. Bg2 Be7 5. Nf3 Nf6 6. O-O O-O 7. h3 Bd6 8. e3
e5 9. Nb5 Bb4 10. Nxe5 Nxe5 11. dxe5 Nd7 12. Qd4 Bc5 13. Qf4 Re8 14. Bxd5 Bd6
15. exd6 cxd6 16. Nxd6 Rf8 17. e4 Nb6 18. Bb3 Bxh3 19. Rd1 Nd7 20. Nxb7 Qc8 21.
Nd6 Qa6 22. c4 Qb7 23. Nxb7 1-0

[Event "Tournoi francophone 020F"]
[Site "Skype"]
[Date "????.??.??"]
[Round "5.8"]
[White "Cassano, Mariangela"]
[Black "Roberge, Yves"]
[Result "0-1"]
[WhiteElo "1000"]
[BlackElo "1000"]
[PlyCount "76"]

1. Nf3 e6 2. e4 Nf6 3. d3 d5 4. Be2 Bb4+ 5. Bd2 Bc5 6. O-O Nbd7 7. b4 Bd6 8. a3
dxe4 9. dxe4 Nxe4 10. Bd3 Nxd2 11. Qxd2 O-O 12. Nc3 e5 13. Ne4 a6 14. c3 h6 15.
Qc2 g6 16. Rfe1 Kh8 17. Bc4 Qe7 18. Qb3 Nf6 19. Bd3 Nxe4 20. Bxe4 c5 21. Nd2
Be6 22. Qa4 Bd7 23. Qa5 Be6 24. Bxb7 Qxb7 25. Ne4 Bc7 26. Nxc5 Bxa5 27. Nxb7
Bb6 28. Rad1 Rab8 29. Nd6 Bc7 30. Ne4 Rbd8 31. Nc5 Bb3 32. Rc1 Bc4 33. Nb7 Rd7
34. Nc5 Rdd8 35. Ne4 f5 36. Nd2 Rxd2 37. Rc2 Rxc2 38. Rc1 Rxc1# 0-1

[Event "Tournoi francophone 020F"]
[Site "Skype"]
[Date "????.??.??"]
[Round "6.1"]
[White "Blanchard, Colette"]
[Black "Radice, Marco"]
[Result "0-1"]
[WhiteElo "1190"]
[BlackElo "1160"]
[PlyCount "86"]

1. d4 Nf6 2. c4 c5 3. Nf3 cxd4 4. Nxd4 g6 5. e3 Bg7 6. Nc3 O-O 7. Be2 d6 8. O-O
Nc6 9. Nxc6 bxc6 10. b3 c5 11. Qc2 Bb7 12. Bb2 e6 13. Rad1 Qe7 14. h3 Rad8 15.
Nb5 a6 16. Nc3 Ne8 17. Rd3 Qg5 18. f3 Nf6 19. Rf2 Nh5 20. Ne4 Qh4 21. Bxg7 Nxg7
22. Qb2 Nf5 23. b4 Bc6 24. bxc5 Rb8 25. Qd2 Rb1+ 26. Bd1 dxc5 27. Rb3 Rd8 28.
Nd6 Rxd6 29. Qxd6 Nxd6 30. Rxb1 Nxc4 31. Rb3 Ba4 32. Rb8+ Kg7 33. Bxa4 Nxe3 34.
Re2 Qd4 35. Bb3 Ng4+ 36. Kf1 Nh2+ 37. Ke1 Qg1+ 38. Kd2 Nf1+ 39. Kd3 Ng3 40. Rb7
Nxe2 41. Kxe2 Qxg2+ 42. Ke3 Qxh3 43. Bxe6 Qxe6+ 0-1

[Event "Tournoi francophone 020F"]
[Site "Skype"]
[Date "????.??.??"]
[Round "6.3"]
[White "Esformes, Jacques"]
[Black "Soubrier, Laure"]
[Result "0-1"]
[WhiteElo "1131"]
[BlackElo "1000"]
[PlyCount "84"]

1. Nf3 d6 2. c4 Nc6 3. Nc3 Nf6 4. d4 d5 5. e3 e6 6. a3 g6 7. Bd3 Bg7 8. Ne5
Nxe5 9. dxe5 Ng4 10. h3 Nxe5 11. Bc2 O-O 12. b3 Nc6 13. Bb2 d4 14. Ne2 e5 15.
e4 Re8 16. Bd3 b6 17. O-O Bb7 18. b4 a6 19. Qb3 Qd7 20. c5 b5 21. Ra2 Nd8 22.
Rfa1 Qe6 23. Qxe6 Nxe6 24. a4 c6 25. Nc1 Bf8 26. Nb3 Nf4 27. Bc2 d3 28. Bd1
Rad8 29. Na5 Rb8 30. axb5 cxb5 31. Nb3 Ra8 32. Na5 Bxe4 33. c6 Bxg2 34. Bxe5
Rxe5 35. Nb7 Re1+ 36. Kh2 Bxc6 37. Be2 Rxa1 38. Rxa1 Bxb7 39. Bf3 Bxf3 40. Ra2
Bxb4 41. Kg3 Bd5 42. Kxf4 Bxa2 0-1

[Event "Tournoi francophone 020F"]
[Site "Skype"]
[Date "????.??.??"]
[Round "6.5"]
[White "Schnell, Nicolas"]
[Black "Trapletti, Cosetta"]
[Result "1-0"]
[WhiteElo "1014"]
[BlackElo "1072"]
[PlyCount "69"]

1. e4 e5 2. Nc3 d6 3. Bc4 Nf6 4. d4 Be7 5. Nf3 c6 6. Be3 d5 7. Bb3 exd4 8. Qxd4
Be6 9. e5 Ng4 10. Bf4 b6 11. h3 Bc5 12. Qd2 Bxf2+ 13. Kf1 c5 14. Nb5 d4 15.
Nd6+ Ke7 16. Bg5+ f6 17. Bxf6+ gxf6 18. Bxe6 Kxe6 19. Qf4 fxe5 20. Qf7+ Kxd6
21. Qf5 Qe8 22. hxg4 Be3 23. Re1 Qb5+ 24. c4 Qxb2 25. Qf6+ Kc7 26. Qxe5+ Kb7
27. Qe4+ Ka6 28. Rxe3 Rg8 29. Re2 Qc1+ 30. Ne1 Qg5 31. Rf2 Nd7 32. Rf7 Nf6 33.
Qb7+ Ka5 34. Qc6 Nxg4 35. Qb5# 1-0

[Event "Tournoi francophone 020F"]
[Site "Skype"]
[Date "????.??.??"]
[Round "6.6"]
[White "Roberge, Yves"]
[Black "Vervoort, Jean-Louis"]
[Result "1-0"]
[WhiteElo "1000"]
[BlackElo "1108"]
[PlyCount "67"]

1. d4 d5 2. e3 Nf6 3. Nf3 Bg4 4. c4 c6 5. Qc2 e6 6. Nc3 Bb4 7. Bd2 Bxc3 8. Bxc3
O-O 9. h3 Bxf3 10. gxf3 Nh5 11. O-O-O Qf6 12. Rg1 Nd7 13. Bd3 g6 14. Rdf1 Qxf3
15. Be2 Qxh3 16. Rh1 Qf5 17. Rfg1 Qxc2+ 18. Kxc2 Ndf6 19. Bxh5 Nxh5 20. Rxh5
Kh8 21. Rh6 Rg8 22. Rgh1 Rg7 23. f3 Rag8 24. e4 f5 25. R6h4 g5 26. Rh6 fxe4 27.
fxe4 Rf8 28. Bd2 g4 29. Rxe6 g3 30. Bh6 Rf2+ 31. Kb3 g2 32. Bxg7+ Kg8 33. Rg1
Rf1 34. Rxg2 1-0

[Event "Tournoi francophone 020F"]
[Site "Skype"]
[Date "????.??.??"]
[Round "6.7"]
[White "Gagnon, Sindy"]
[Black "Dida, Brahim"]
[Result "0-1"]
[WhiteElo "1000"]
[BlackElo "1008"]
[PlyCount "66"]

1. e4 d5 2. Nc3 Nf6 3. Bb5+ c6 4. Bd3 d4 5. Na4 e5 6. Nf3 Bd6 7. c3 c5 8. Bb5+
Bd7 9. Bd3 Nc6 10. c4 Nb4 11. Bb1 Bc6 12. a3 Na6 13. O-O Nxe4 14. d3 Nf6 15. h3
O-O 16. Re1 Re8 17. b3 e4 18. dxe4 Nxe4 19. Nd2 Nxd2 20. Bxd2 Be5 21. Qh5 Qf6
22. Qxh7+ Kf8 23. Qd3 b5 24. b4 bxa4 25. bxc5 Nxc5 26. Bb4 Bd6 27. Rf1 Nxd3 28.
Bxd6+ Qxd6 29. Bxd3 Re4 30. Bxe4 Bxe4 31. c5 Qxc5 32. Rfc1 Qg5 33. h4 Qxg2# 0-1

[Event "Tournoi francophone 020F"]
[Site "Skype"]
[Date "????.??.??"]
[Round "6.8"]
[White "Hampton, Irene"]
[Black "Cassano, Mariangela"]
[Result "1-0"]
[WhiteElo "1000"]
[BlackElo "1000"]
[PlyCount "51"]

1. g3 d5 2. d4 b6 3. Bg2 Bb7 4. Nf3 c5 5. c3 e6 6. O-O Nf6 7. Nbd2 Be7 8. a3
O-O 9. Re1 Nc6 10. e3 Qc7 11. Ng5 h6 12. Nh3 Bd6 13. f4 Nh5 14. Qxh5 g6 15.
Qxh6 Rfe8 16. Nf3 Bf8 17. Qg5 Bg7 18. g4 f6 19. Qh4 g5 20. Nfxg5 Ne7 21. Nxe6
Ng6 22. Qh5 Rxe6 23. Qg5 Qc6 24. Re2 Ba6 25. Rf2 Rxe3 26. Bxe3 1-0

[Event "Tournoi francophone 020F"]
[Site "Skype"]
[Date "????.??.??"]
[Round "7.1"]
[White "Radice, Marco"]
[Black "Schnell, Nicolas"]
[Result "1-0"]
[WhiteElo "1160"]
[BlackElo "1014"]
[PlyCount "59"]

1. d4 b6 2. Nf3 e6 3. c4 Bb4+ 4. Bd2 Be7 5. Nc3 Nc6 6. g3 Nf6 7. Bg2 Bd6 8. O-O
Ng4 9. Ne1 Nxd4 10. Bxa8 Ba6 11. e3 Qxa8 12. Qxg4 Bf8 13. Qxd4 Be7 14. Nb5 Qc8
15. Nxa7 Qa8 16. Nb5 Bxb5 17. cxb5 O-O 18. Bc3 f6 19. Qxd7 Bd6 20. Qxe6+ Kh8
21. Ng2 Qc8 22. Qxc8 Rxc8 23. a4 Rd8 24. Rfd1 Re8 25. a5 c6 26. Rxd6 Ra8 27.
bxc6 b5 28. c7 b4 29. Rd8+ Rxd8 30. cxd8=Q# 1-0

[Event "Tournoi francophone 020F"]
[Site "Skype"]
[Date "????.??.??"]
[Round "7.2"]
[White "Lecluyse, Koenraad"]
[Black "Abate, Luigi"]
[Result "0-1"]
[WhiteElo "1096"]
[BlackElo "1116"]
[PlyCount "40"]

1. d4 Nf6 2. Nf3 d5 3. Bf4 Bf5 4. e3 e6 5. Bd3 Bg6 6. Bxg6 hxg6 7. O-O Nbd7 8.
c3 Nh5 9. Bg3 f6 10. Qd3 f5 11. Bh4 Be7 12. Bxe7 Qxe7 13. Nbd2 O-O-O 14. c4 c6
15. Nb3 Nhf6 16. c5 Nf8 17. Na5 Qc7 18. b4 b5 19. Nb3 g5 20. Nxg5 Qxh2# 0-1

[Event "Tournoi francophone 020F"]
[Site "Skype"]
[Date "????.??.??"]
[Round "7.3"]
[White "Soubrier, Laure"]
[Black "Blanchard, Colette"]
[Result "0-1"]
[WhiteElo "1000"]
[BlackElo "1190"]
[PlyCount "85"]

1. e4 e5 2. Nf3 d6 3. Bc4 Nf6 4. d3 Be7 5. c3 O-O 6. O-O Nbd7 7. Re1 h6 8. d4
exd4 9. cxd4 Nxe4 10. Rxe4 Nb6 11. Bb3 Bd7 12. Re1 Bf6 13. Nc3 Bc6 14. d5 Bxc3
15. bxc3 Bb5 16. Bb2 Qf6 17. a4 Bd7 18. Qd2 Qd8 19. a5 Nc8 20. Bc2 Ne7 21. c4
Bf5 22. Bxf5 Nxf5 23. Qc3 f6 24. Rad1 Qd7 25. Re2 c6 26. Qb3 c5 27. Bc1 Rab8
28. Re4 b6 29. a6 b5 30. Nh4 bxc4 31. Qxc4 Nxh4 32. Rxh4 Rb4 33. Qd3 Rxh4 34.
Qg3 Rg4 35. Qh3 Re8 36. f3 Qa4 37. Rf1 Rh4 38. Qg3 Qd4+ 39. Qf2 Qxf2+ 40. Kxf2
Rxh2 41. Kg3 Rh5 42. Bf4 Rxd5 43. Bxh6 0-1

[Event "Tournoi francophone 020F"]
[Site "Skype"]
[Date "????.??.??"]
[Round "7.4"]
[White "Yepez, German"]
[Black "Roberge, Yves"]
[Result "0-1"]
[WhiteElo "1109"]
[BlackElo "1000"]
[PlyCount "40"]

1. e4 d5 2. exd5 Nf6 3. c4 Bg4 4. d4 Bxd1 5. Kxd1 c6 6. Nc3 e6 7. f3 exd5 8. c5
Qa5 9. Bd3 Be7 10. Nge2 O-O 11. g4 Re8 12. h4 Na6 13. a3 b6 14. b4 Nxb4 15. Bc2
Nxc2 16. Kxc2 bxc5 17. dxc5 Qxc5 18. a4 d4 19. Ba3 Qe5 20. Ne4 Nxe4 0-1

[Event "Tournoi francophone 020F"]
[Site "Skype"]
[Date "????.??.??"]
[Round "7.5"]
[White "Dida, Brahim"]
[Black "Hampton, Irene"]
[Result "1-0"]
[WhiteElo "1008"]
[BlackElo "1000"]
[PlyCount "63"]

1. d4 d5 2. Bf4 c6 3. e3 e6 4. c4 Nf6 5. a3 Nbd7 6. Nc3 Be7 7. Nf3 O-O 8. Bd3
b6 9. O-O Bb7 10. cxd5 exd5 11. e4 dxe4 12. Nxe4 Nxe4 13. Bxe4 Nc5 14. dxc5
Qxd1 15. Rfxd1 Rad8 16. Rxd8 Bxd8 17. cxb6 Bxb6 18. Bxc6 Bxc6 19. b4 a6 20. Rd1
h6 21. Rd6 Rc8 22. Be3 Bxe3 23. fxe3 g5 24. Nd4 Be4 25. Rxa6 Rc1+ 26. Kf2 Kg7
27. b5 h5 28. b6 Kf6 29. b7+ Ke5 30. b8=Q+ Kd5 31. Qb4 Rh1 32. Qb5# 1-0

[Event "Tournoi francophone 020F"]
[Site "Skype"]
[Date "????.??.??"]
[Round "7.6"]
[White "Vervoort, Jean-Louis"]
[Black "Esformes, Jacques"]
[Result "0-1"]
[WhiteElo "1108"]
[BlackElo "1131"]
[PlyCount "59"]

1. d4 e6 2. e4 d5 3. e5 c5 4. c3 Nc6 5. Nf3 Qb6 6. Qc2 cxd4 7. cxd4 Bb4+ 8. Bd2
Nge7 9. a3 Nxd4 10. Nxd4 Bxd2+ 11. Qxd2 Bd7 12. Nc3 O-O 13. Be2 Rfd8 14. O-O
Ng6 15. Nf3 Ne7 16. Qd3 Rac8 17. Ng5 Ng6 18. Bh5 d4 19. Nce4 Nxe5 20. Qb1 Be8
21. Ng3 d3 22. Qe1 Nc4 23. Qe4 g6 24. Rab1 Nd2 25. Qe1 Nxf1 26. Kxf1 d2 27. Qe2
Rc1+ 28. Rxc1 dxc1=Q+ 29. Qe1 Qxe1+ 30. Kxe1 0-1

[Event "Tournoi francophone 020F"]
[Site "Skype"]
[Date "????.??.??"]
[Round "7.8"]
[White "Trapletti, Cosetta"]
[Black "Gagnon, Sindy"]
[Result "1-0"]
[WhiteElo "1072"]
[BlackElo "1000"]
[PlyCount "57"]

1. c4 Nf6 2. Nc3 e5 3. d4 exd4 4. Qxd4 Nc6 5. Qd2 d6 6. e3 Be7 7. Nf3 O-O 8.
Bd3 Bg4 9. Be2 Re8 10. O-O Qc8 11. Re1 Nb4 12. h3 Bxf3 13. Bxf3 c5 14. e4 Qe6
15. Qc2 Qxc4 16. Bd2 Qa6 17. Qb3 Rac8 18. Be2 Qc6 19. Bc4 a6 20. Bxf7+ Kf8 21.
Bxe8 Rxe8 22. Bf4 c4 23. Qxb4 Qc5 24. Qxb7 d5 25. Qxa6 d4 26. Rac1 dxc3 27.
bxc3 Nh5 28. Be3 Bd6 29. Bxc5 1-0

[Event "Tournoi francophone 020F"]
[Site "Skype"]
[Date "????.??.??"]
[Round "8.1"]
[White "Dida, Brahim"]
[Black "Radice, Marco"]
[Result "0-1"]
[WhiteElo "1008"]
[BlackElo "1160"]
[PlyCount "32"]

1. d4 Nf6 2. c4 c5 3. Nc3 cxd4 4. Qxd4 Nc6 5. Qd1 g6 6. Bf4 Bg7 7. Nb5 d6 8.
Nf3 O-O 9. Nfd4 Nxd4 10. Qxd4 Nh5 11. Nxa7 Bxd4 12. Nxc8 Rxc8 13. e3 Bxb2 14.
Rb1 Qa5+ 15. Kd1 Qxa2 16. Kc2 Be5+ 0-1

[Event "Tournoi francophone 020F"]
[Site "Skype"]
[Date "????.??.??"]
[Round "8.3"]
[White "Blanchard, Colette"]
[Black "Esformes, Jacques"]
[Result "1-0"]
[WhiteElo "1190"]
[BlackElo "1131"]
[PlyCount "129"]

1. d4 Nf6 2. Nf3 e6 3. c4 b6 4. Nc3 Bb7 5. Bf4 Bb4 6. Rc1 Bxc3+ 7. Rxc3 Ne4 8.
Rc1 Nc6 9. e3 g5 10. Bg3 Nxg3 11. fxg3 Qf6 12. Be2 Qg7 13. O-O g4 14. Nh4 Ne7
15. Bxg4 Qg5 16. Qe2 Rf8 17. Rf2 Ng6 18. Nxg6 hxg6 19. Rcf1 Qe7 20. Bf3 Bxf3
21. Qxf3 c6 22. e4 Qb4 23. b3 Rc8 24. Qf6 a6 25. Qg7 f5 26. Qxg6+ Kd8 27. exf5
Kc7 28. fxe6 Rxf2 29. Kxf2 Qd2+ 30. Kg1 Qxd4+ 31. Rf2 Qd6 32. Qf7 Qxe6 33. Qxe6
dxe6 34. h4 e5 35. Re2 Kd6 36. Re4 Ke6 37. g4 Rd8 38. Kh2 Rd2 39. a3 Rb2 40. b4
Ra2 41. g5 Rxa3 42. g3 b5 43. Kh3 Rc3 44. cxb5 axb5 45. g6 Rd3 46. h5 Rd8 47.
Kh4 Kf5 48. Rg4 Rd4 49. g7 Rd8 50. g8=Q Rxg8 51. Rxg8 e4 52. Re8 c5 53. bxc5 b4
54. c6 b3 55. c7 b2 56. Rb8 e3 57. Rxb2 Ke4 58. c8=Q Kd3 59. Qc2+ Kd4 60. Rb4+
Kd5 61. Qe4+ Kc5 62. Rc4+ Kb5 63. Qd5+ Ka6 64. Qc6+ Ka5 65. Ra4# 1-0